Регионална библиотека "Любен Каравелов" - Русе

Проверете интелигентността на своето дете (Запис номер 65908)

MARC детайли
000 -Лидер
Контролно поле с фиксирана дължина 02569nam a2200481 c 4500
003 - Код на организацията, давaща контролен номер
Контролно поле BLK
005 - Дата и час на последна редакция
Контролно поле 20240622164526.0
008 - Елементи от данни с фиксирана дължина
fixed length control field 180408b bul|||||r ||||||| ||bul||
010 ## - Наследен системен номер
LC control number KNG00070191000
020 ## - Международен стандартен номер на книга ISBN
Международен стандартен номер на книга ISBN 954-607-727-5
040 ## - Източник на каталожния запис
Идентификатор на билиотеката - собственик на записа BLK
041 ## - Код за език
Код за езика на текст/звукозапис или на отделно заглавие Български
Код за езика КДБФ Български
080 ## - УДК
Текстов определител УДК Психология на детската възраст. Интелектуално развитие на децата. Психически особености. Детски представи, описани в разкази
УДК код - определител по УДК 159.922.7
УДК определител .072
УДК - код + определител 159.922.7.072
080 ## - УДК
Текстов определител УДК Мислене. Представа - Абстракция. Подбор. Сравнение. Размисъл. Преценка. Мнение. Умозаключение. Индукция. Дедукция. Евристика. Мислене и говорене. Рефлексия (психол.)
УДК код - определител по УДК 159.955
УДК определител -053.2
УДК - код + определител 159.955-053.2
080 ## - УДК
Текстов определител УДК Психометрия. Психохронометрия. Измерване на времето
УДК код - определител по УДК 159.938.3
УДК - код + определител 159.938.3
100 1# - Редна дума - Автор
Автор Серебряков, Виктор
Авторска отговорност първи автор
R(LIN) 366565
139 ## - Редно поле
Редна дума Серебряков, Виктор и др.
Авторски знак Сер - С 34
245 10 - Сведения за заглавието
Заглавие Проверете интелигентността на своето дете
Подзаглавни данни С IQ тест за деца от 7 до 17 г.
Редно поле (дума) Виктор Серебряков; съавт. Стивън Лангер; прев. от англ. Живко Стоянов; ред. Росица Алексиева.
250 ## - Област на изданието
Сведения за изданието 2. изд.
257 ## - Страна на издаване
Страна на създаване/издаване Великобритания
260 ## - Област на издателските данни
Място на издаване, разпространение и проч. София
Име на издателя, разпространителя и проч. ЛИК
Година на издаване 2006
300 ## - Физическа характеристика
Страници 151 с.
Размери/Мащаб 20 см
380 ## - Жанр
Жанр Философия
490 ## - СЕРИИ (Колекции)
Име на серия Светът на интелекта
500 ## - Общи забележки
Забележка Ориг. загл. Check Your Child's IQ / Victor Serebriakoff, Steven Langer. - Офс. изд.
650 #4 - Допълнително описание по предмет – тема
Основно описание – тема или топоним Интелигентност
9 (RLIN) 157308
650 #4 - Допълнително описание по предмет – тема
Основно описание – тема или топоним Тестове - за интелигентност - на деца
9 (RLIN) 244144
650 #4 - Допълнително описание по предмет – тема
Основно описание – тема или топоним Психологически изследвания
9 (RLIN) 251806
653 ## - Ключова дума – ненормативна
Ключова дума интелигентност
653 ## - Ключова дума – ненормативна
Ключова дума тестове
653 ## - Ключова дума – ненормативна
Ключова дума психометрия
653 ## - Ключова дума – ненормативна
Ключова дума деца
700 1# - Други автори (авторска отговорност)
Лично име Лангер, Стивън
Автороска отговорност (Описва отношението между автора и произведението) съавт.
9 (RLIN) 244142
700 1# - Други автори (авторска отговорност)
Лично име Стоянов, Живко
Автороска отговорност (Описва отношението между автора и произведението) прев. от англ.
9 (RLIN) 244143
700 1# - Други автори (авторска отговорност)
Лично име Алексиева, Росица
Автороска отговорност (Описва отношението между автора и произведението) ред.
9 (RLIN) 366566
852 ## - Местоположение
Форматна сигнатура Цб 230544
856 4# - Електронен адрес и достъп
Електронен формат pdf - файл
856 4# - Електронен адрес и достъп
Електронен формат pdf - файл
942 ## - АРТИКУЛИ
Вид на библиотечния материал Книги
Скрит в OPAC Не
Koha issues (borrowed), all copies 6
944 ## - СЪЗДАВАНЕ И РЕДАКЦИЯ на ЗАПИСА
Създаване/Редакция Създаване
Дата на регистрацията/редакция 21.12.2006
Служител, извършил регистрацията/редакцията 30531
Статус, дата на статуса Цветелина Шанова
944 ## - СЪЗДАВАНЕ И РЕДАКЦИЯ на ЗАПИСА
Създаване/Редакция Редакция
Дата на регистрацията/редакция 23.04.2008
999 ## - СИСТЕМНИ КОНТРОЛНИ НОМЕРА
Koha biblionumber 65908
Koha biblioitemnumber 65908
999 ## - СИСТЕМНИ КОНТРОЛНИ НОМЕРА
Koha biblioitemnumber 65908
Наличности
Код за отписване Код за изгубен артикул Източник на класификационната схема Код за повреда Коз за рестрикции Код за отдаване Артикулен № Име на библиотеката - собственик Име на библиотеката, в която се намира в момента Статус (Текущо местоположение) Дата на вписване в системата Местоположение - отдел Цена в лева Инвентарен номер Систематично азбучна сигнатура Баркод Номер на екземпляра Цена в евро Служебна бележка Служебен тип на артикула
  Не е изгубен Universal Decimal Classification Не е повреден без рестрикции заемане за дома 108826 Регионална библиотека "Любен Каравелов" Русе Регионална библиотека "Любен Каравелов" Русе Заемна - подръчен фонд 2006-12-21 Заемна - подръчен фонд 6.78 120000707774 159.922.7С 34 В 120000707774 1 3.47 Дост: Pk Вид: Ф N: 26 Дата: 20.12.2006 Дата инв: 01.02.2018 Бележки инв: П2018 Книги
  Не е изгубен   Не е повреден без рестрикции ползва се в читалня 108827 Регионална библиотека "Любен Каравелов" Русе Регионална библиотека "Любен Каравелов" Русе Хранилище 2008-03-31 Хранилище 6.78 120000724986 Цб 230544 120000724986 2 3.47 Дост: Dp Вид: Д N: 7 Дата: 16.01.2008 Книги
Vip Innovations Ltd, Rousse, Bulgaria 2025